000 00402nam a2200157Ia 4500
008 210716s2013 xx 000 0 und d
020 _a9788126543014
041 _aeng
082 _a658.872 BECM
100 _aBecker, Michael;Arnold, John.
245 _aMobile marketing: for dummies.
_bFor dummies.
250 _a1
260 _aNew Delhi
_bWILEY
_c2013
300 _axviii,
650 _aMarketing
999 _c197165
_d197165